[Event "Madrid ch 2010-2011 - Semifinal B"]
[Site "Madrid ESP"]
[Date "2011.01.22"]
[Round "4.7"]
[White "Cuadrado Lopez, Francisco"]
[Black "Fernandez Lledo, Javier"]
[Result "1-0"]
[WhiteElo "1957"]
[BlackElo "2138"]
[PlyCount "101"]
[EventDate "2011.01.14"]
[EventType "swiss"]
[EventRounds "9"]
[EventCountry "ESP"]
[Source "lmi"]
[SourceDate "2011.01.14"]

1. d4 Nf6 2. Nf3 g6 3. c4 Bg7 4. Nc3 O-O 5. e4 d6 6. Be2 Nc6 7. d5 Nb8 8. Be3
c5 9. h3 Nbd7 10. Qd2 a6 11. Bh6 Qa5 12. Bxg7 Kxg7 13. O-O b5 14. Qc2 bxc4 15.
Bxc4 Nb6 16. Be2 Nbd7 17. Nd2 Qc7 18. Rad1 Nb6 19. b3 Nfd7 20. Qb2 Kg8 21. a4
Bb7 22. a5 Nc8 23. Nc4 Na7 24. Na4 Nb5 25. Ncb6 Nxb6 26. Nxb6 Rad8 27. Rc1 e5
28. b4 Nd4 29. bxc5 dxc5 30. Rc3 f5 31. f3 fxe4 32. fxe4 Qe7 33. Qd2 Qh4 34.
Qe3 Rf4 35. Rxf4 Qxf4 36. Bf3 Qg3 37. Qf2 Qg5 38. Rxc5 Rf8 39. Rc3 h5 40. Kh1
h4 41. Rc7 Rf7 42. Rxf7 Kxf7 43. Bg4+ Ke7 44. Qb2 Qe3 45. Qb1 Nb5 46. Nc4 Qc3
47. Qf1 Ba8 48. Be6 Nd6 49. Nxd6 Kxd6 50. Qf8+ Kc7 51. Qc8+ 1-0

[Event "Madrid ch 2010-2011 - Semifinal B"]
[Site "Madrid ESP"]
[Date "2011.01.22"]
[Round "4.8"]
[White "Lorite Cruz, Francisco"]
[Black "Gomez Gonzalez, Javier"]
[Result "0-1"]
[WhiteElo "2095"]
[BlackElo "2062"]
[PlyCount "112"]
[EventDate "2011.01.14"]
[EventType "swiss"]
[EventRounds "9"]
[EventCountry "ESP"]
[Source "lmi"]
[SourceDate "2011.01.14"]

1. e4 c5 2. Nf3 d6 3. d4 cxd4 4. Nxd4 Nf6 5. Nc3 a6 6. Bc4 b5 7. Bb3 Bb7 8. f3
Nbd7 9. Qe2 Nc5 10. Bg5 e6 11. O-O-O Qc7 12. Kb1 Be7 13. Rhe1 Nxb3 14. axb3 b4
15. Na4 h6 16. Be3 Nd7 17. Rc1 Qa5 18. Qd2 Nc5 19. c3 Nxb3 20. Nxb3 Qxa4 21.
Qd1 a5 22. Nd4 Qxd1 23. Rexd1 d5 24. exd5 bxc3 25. dxe6 fxe6 26. Rxc3 Bd5 27.
Nb5 O-O 28. Nc7 Bf6 29. Nxd5 exd5 30. Rcd3 Rfe8 31. Bd4 Bxd4 32. Rxd4 Re2 33.
R4d2 Rxd2 34. Rxd2 Rd8 35. Kc2 Kf7 36. Kd3 Ke6 37. Kd4 Kd6 38. h4 Rb8 39. h5
Rb4+ 40. Ke3 Ke5 41. g4 d4+ 42. Kd3 Kf4 43. Rc2 Kxf3 44. Rc7 Kxg4 45. Rxg7+
Kxh5 46. Ra7 a4 47. Rg7 Kh4 48. Rg8 h5 49. Rg7 Kh3 50. Rg6 h4 51. Rg8 Kh2 52.
Rg7 h3 53. Rg8 Rxb2 54. Kxd4 a3 55. Ke3 a2 56. Ra8 Kg1 0-1

[Event "Madrid ch 2010-2011 - Semifinal B"]
[Site "Madrid ESP"]
[Date "2011.01.22"]
[Round "4.9"]
[White "Lopez Garralon, Miguel"]
[Black "Alonso Aranzabal, Iñigo"]
[Result "1/2-1/2"]
[WhiteElo "1895"]
[BlackElo "2052"]
[PlyCount "67"]
[EventDate "2011.01.14"]
[EventType "swiss"]
[EventRounds "9"]
[EventCountry "ESP"]
[Source "lmi"]
[SourceDate "2011.01.14"]

1. e4 e5 2. Nf3 Nc6 3. Bc4 Nf6 4. d3 Bc5 5. h3 d6 6. c3 h6 7. Bb3 O-O 8. Nbd2
Qe7 9. Nf1 d5 10. Ng3 Be6 11. O-O dxe4 12. dxe4 Rad8 13. Qe2 Bxb3 14. axb3 Qe6
15. b4 Bb6 16. Nf5 Ne7 17. N3h4 Kh7 18. g4 Ng6 19. Nxg7 Kxg7 20. Nf5+ Kh7 21.
Bxh6 Nf4 22. Bxf4 exf4 23. e5 Rg8 24. Kh2 f3 25. Qxf3 Qxe5+ 26. Ng3 Rd2 27.
Rae1 Qd6 28. Rd1 Rxd1 29. Rxd1 Qe5 30. Rd2 c6 31. Re2 Qd6 32. Qf5+ Kg7 33. Qg5+
Kh7 34. Qh4+ 1/2-1/2

[Event "Madrid ch 2010-2011 - Semifinal B"]
[Site "Madrid ESP"]
[Date "2011.01.22"]
[Round "4.10"]
[White "Bermejo Arruego, Luis"]
[Black "Vazquez Gonzalez, Jesus"]
[Result "0-1"]
[WhiteElo "2194"]
[BlackElo "2071"]
[PlyCount "54"]
[EventDate "2011.01.14"]
[EventType "swiss"]
[EventRounds "9"]
[EventCountry "ESP"]
[Source "lmi"]
[SourceDate "2011.01.14"]

1. e4 Nc6 2. d4 e5 3. d5 Nce7 4. Nf3 Ng6 5. Bd3 Bc5 6. Nc3 a5 7. Na4 Ba7 8. O-O
d6 9. h3 Nf6 10. c4 Nh5 11. Nc3 Nhf4 12. Ne2 Nxh3+ 13. gxh3 Bxh3 14. Re1 Qf6
15. Ng3 Nh4 16. Nf5 Qg6+ 17. Ng5 Ng2 18. Be2 Nf4 19. Bxf4 exf4 20. Kh2 Bxf5 21.
exf5 Qxg5 22. Bf3+ Kf8 23. Qe2 g6 24. Bg4 Qh4+ 25. Kg2 Bxf2 26. Rh1 Qg3+ 27.
Kf1 Re8 0-1

[Event "Madrid ch 2010-2011 - Semifinal B"]
[Site "Madrid ESP"]
[Date "2011.01.22"]
[Round "4.11"]
[White "Garcia Herranz, Jesus"]
[Black "Morona Minguez, Irene"]
[Result "1/2-1/2"]
[WhiteElo "1958"]
[BlackElo "1911"]
[PlyCount "105"]
[EventDate "2011.01.14"]
[EventType "swiss"]
[EventRounds "9"]
[EventCountry "ESP"]
[Source "lmi"]
[SourceDate "2011.01.14"]

1. Nf3 Nf6 2. d4 g6 3. g3 Bg7 4. Bg2 d6 5. c4 O-O 6. O-O Nbd7 7. Nc3 e5 8. e4
c6 9. h3 exd4 10. Nxd4 Qb6 11. Nde2 Ne8 12. Rb1 Qb4 13. Qa4 a5 14. a3 Qxa4 15.
Nxa4 Rb8 16. Nac3 Ne5 17. b3 f5 18. f4 Nd3 19. Be3 Nf6 20. exf5 Bxf5 21. g4
Rbe8 22. Bb6 Be4 23. Rbd1 Nc5 24. Rxd6 Bxg2 25. Kxg2 Nfe4 26. Nxe4 Nxe4 27. Rd3
c5 28. Ng3 Nxg3 29. Kxg3 Bd4 30. Bxa5 Ra8 31. b4 Ra6 32. Bc7 Rc6 33. bxc5 Rxc7
34. Rxd4 Ra8 35. Rf3 Rxc5 36. f5 gxf5 37. gxf5 Ra4 38. f6 Rc7 39. Rg4+ Kf8 40.
h4 Raxc4 41. Rxc4 Rxc4 42. h5 h6 43. Rb3 Kf7 44. Rxb7+ Kxf6 45. Rb6+ Kg5 46.
Rb5+ Kf6 47. Kf2 Ra4 48. Rb3 Kg5 49. Rh3 Kg4 50. Kg2 Rc4 51. Rb3 Rc2+ 52. Kf1
Kxh5 53. a4 1/2-1/2

[Event "Madrid ch 2010-2011 - Semifinal B"]
[Site "Madrid ESP"]
[Date "2011.01.22"]
[Round "4.12"]
[White "Garcia Salamero, Hector"]
[Black "Marcos Herrero, Francisco"]
[Result "1/2-1/2"]
[WhiteElo "1841"]
[BlackElo "1891"]
[PlyCount "113"]
[EventDate "2011.01.14"]
[EventType "swiss"]
[EventRounds "9"]
[EventCountry "ESP"]
[Source "lmi"]
[SourceDate "2011.01.14"]

1. e4 c5 2. Nf3 d6 3. d4 Nf6 4. Nc3 cxd4 5. Nxd4 Nc6 6. h3 g6 7. g4 Bg7 8. Nde2
h5 9. g5 Nd7 10. Bg2 Nc5 11. Be3 Be6 12. Qd2 Qa5 13. Rd1 Rc8 14. Nd4 Qb4 15. b3
Nxd4 16. Bxd4 Qxd4 17. Qxd4 Bxd4 18. Rxd4 Nxb3 19. axb3 Rxc3 20. Kd2 Rc7 21.
Ra1 a6 22. h4 O-O 23. Bf1 f6 24. gxf6 Rxf6 25. Bd3 Rxf2+ 26. Ke3 Rf6 27. Ra5
Kg7 28. Rg5 Bg4 29. e5 dxe5 30. Rxe5 Rf3+ 31. Kd2 Rf6 32. Rd8 Bf5 33. Bc4 b5
34. Bd3 Bxd3 35. cxd3 Rf4 36. Re4 Rf6 37. Ra8 Rd6 38. Rf4 e5 39. Re4 Re6 40.
Rd8 Kf6 41. Re1 Ke7 42. Rd5 Kf6 43. Rf1+ Kg7 44. Re1 Rce7 45. Re4 Kf6 46. Rd8
Rf7 47. Rc8 Ke7 48. Ke2 Rf5 49. Rc7+ Kd6 50. Ra7 Kd5 51. b4 Ref6 52. Rd7+ Ke6
53. Ra7 Rf2+ 54. Ke1 Kd5 55. Rc7 Rb2 56. Rc5+ Kd6 57. Rcxe5 1/2-1/2

[Event "Madrid ch 2010-2011 - Semifinal B"]
[Site "Madrid ESP"]
[Date "2011.01.27"]
[Round "5.1"]
[White "Montañes Arribas, Adrian"]
[Black "Garcia Salamero, Gabriel"]
[Result "0-1"]
[WhiteElo "2144"]
[BlackElo "2177"]
[PlyCount "82"]
[EventDate "2011.01.14"]
[EventType "swiss"]
[EventRounds "9"]
[EventCountry "ESP"]
[Source "lmi"]
[SourceDate "2011.01.14"]

1. e4 c5 2. Nf3 e6 3. d4 cxd4 4. Nxd4 a6 5. Nc3 Qc7 6. Bd3 Nf6 7. O-O Nc6 8.
Be3 Be7 9. f4 d6 10. Qf3 Bd7 11. Qg3 O-O-O 12. e5 dxe5 13. Nxc6 Bxc6 14. fxe5
Nh5 15. Qh3 Qxe5 16. Rae1 Bc5 17. Kh1 Bxe3 18. Rxe3 Qg5 19. Ne4 Qe5 20. Nf6 Nf4
21. Rxe5 Nxh3 22. Nh5 g6 23. Nf6 Rd4 24. Rc5 Nf4 25. Be4 Nd5 26. Nxd5 Rxe4 27.
Ne7+ Kc7 28. Nxc6 bxc6 29. h3 f5 30. Rd1 e5 31. Ra5 Kb6 32. Ra3 Rd4 33. Re1 e4
34. Rb3+ Kc7 35. Ra3 Rhd8 36. Kg1 f4 37. Rxa6 e3 38. Ra7+ Kb6 39. Rxh7 Rd1 40.
Kf1 R8d2 41. Rxd1 e2+ 0-1

[Event "Madrid ch 2010-2011 - Semifinal B"]
[Site "Madrid ESP"]
[Date "2011.01.27"]
[Round "5.3"]
[White "Ramos Aldoradin, John Paul"]
[Black "Martin Duque, Jesus"]
[Result "1/2-1/2"]
[WhiteElo "2125"]
[BlackElo "2109"]
[PlyCount "65"]
[EventDate "2011.01.14"]
[EventType "swiss"]
[EventRounds "9"]
[EventCountry "ESP"]
[Source "lmi"]
[SourceDate "2011.01.14"]

1. e4 c5 2. Nf3 e6 3. c4 Nc6 4. Nc3 Nf6 5. Be2 a6 6. O-O Qc7 7. d4 cxd4 8. Nxd4
Bb4 9. Bg5 Be7 10. Be3 d6 11. f3 Bd7 12. Qe1 O-O 13. Qf2 Rac8 14. Nb3 Ne5 15.
Rac1 Qb8 16. c5 d5 17. exd5 exd5 18. Bf4 Bd8 19. Kh1 Nd3 20. Bxb8 Nxf2+ 21.
Rxf2 Rxb8 22. Bd3 Bc7 23. Re2 Rfe8 24. Rce1 g6 25. g3 h6 26. Rxe8+ Rxe8 27.
Rxe8+ Bxe8 28. f4 h5 29. Be2 h4 30. gxh4 Ne4 31. Nxe4 dxe4 32. Bc4 e3 33. Nd4
1/2-1/2

[Event "Madrid ch 2010-2011 - Semifinal B"]
[Site "Madrid ESP"]
[Date "2011.01.27"]
[Round "5.4"]
[White "Cerrato Torrijos, Maria"]
[Black "Cabañas Jimenez, Andres"]
[Result "1-0"]
[WhiteElo "2100"]
[BlackElo "2221"]
[PlyCount "91"]
[EventDate "2011.01.14"]
[EventType "swiss"]
[EventRounds "9"]
[EventCountry "ESP"]
[Source "lmi"]
[SourceDate "2011.01.14"]

1. e4 c5 2. Nf3 e6 3. d4 cxd4 4. Nxd4 a6 5. Nc3 Qc7 6. Be2 Nf6 7. O-O Bb4 8.
Qd3 Nc6 9. Nxc6 bxc6 10. Qd4 Bd6 11. f4 e5 12. Qf2 exf4 13. Bxf4 Bxf4 14. Qxf4
Qxf4 15. Rxf4 d6 16. Rd1 Ke7 17. Bc4 Rf8 18. Rdf1 a5 19. Ne2 Ba6 20. Bxa6 Rxa6
21. Nd4 Ne8 22. R1f3 c5 23. Nf5+ Kd7 24. Nxg7 Nxg7 25. Rxf7+ Rxf7 26. Rxf7+ Ke6
27. Rxg7 Rb6 28. b3 Rb4 29. Rxh7 Rxe4 30. Kf2 a4 31. Rh3 axb3 32. axb3 Kf5 33.
Rd3 Re6 34. Kf3 Rh6 35. g4+ Ke5 36. Kg3 d5 37. h4 Ra6 38. h5 c4 39. bxc4 dxc4
40. Rf3 Ra2 41. c3 Ra1 42. g5 Ke4 43. Rf2 Rg1+ 44. Rg2 Rh1 45. Kg4 Ke5 46. Re2+
1-0

[Event "Madrid ch 2010-2011 - Semifinal B"]
[Site "Madrid ESP"]
[Date "2011.01.27"]
[Round "5.5"]
[White "Gomez Gonzalez, Javier"]
[Black "Cuadrado Lopez, Francisco"]
[Result "1-0"]
[WhiteElo "2062"]
[BlackElo "1957"]
[PlyCount "73"]
[EventDate "2011.01.14"]
[EventType "swiss"]
[EventRounds "9"]
[EventCountry "ESP"]
[Source "lmi"]
[SourceDate "2011.01.14"]

1. e4 e5 2. Nf3 d6 3. d4 exd4 4. c3 Nf6 5. cxd4 Be7 6. Nc3 c6 7. Bd3 Bg4 8. h3
Bh5 9. O-O O-O 10. Re1 Nbd7 11. e5 dxe5 12. dxe5 Bxf3 13. Qxf3 Ne8 14. Bf4 Nc5
15. Bc2 Ne6 16. Be3 Bg5 17. Rad1 Qe7 18. Ne4 Bxe3 19. Qxe3 N8c7 20. Qf3 Ne8 21.
Qg4 g6 22. Bb3 h5 23. Qg3 Kg7 24. f4 f5 25. exf6+ Nxf6 26. f5 Nc5 27. Qxg6+ Kh8
28. Nxf6 Qxf6 29. Qxh5+ Kg7 30. Be6 Rad8 31. Qg4+ Kh8 32. Rxd8 Rxd8 33. b4 Nxe6
34. fxe6 Rf8 35. e7 Qf2+ 36. Kh2 Re8 37. Re5 1-0

[Event "Madrid ch 2010-2011 - Semifinal B"]
[Site "Madrid ESP"]
[Date "2011.01.27"]
[Round "5.6"]
[White "Perez de Aranda Alonso, Leonardo"]
[Black "Lopez Garralon, Miguel"]
[Result "1-0"]
[WhiteElo "2161"]
[BlackElo "1895"]
[PlyCount "37"]
[EventDate "2011.01.14"]
[EventType "swiss"]
[EventRounds "9"]
[EventCountry "ESP"]
[Source "lmi"]
[SourceDate "2011.01.14"]

1. e4 d6 2. d4 Nf6 3. Nc3 Nbd7 4. f4 e5 5. Nf3 exd4 6. Qxd4 c6 7. Be3 Be7 8.
O-O-O O-O 9. h3 b5 10. e5 dxe5 11. fxe5 Nh5 12. e6 Bc5 13. exf7+ Kxf7 14. Bc4+
bxc4 15. Qxc4+ Kg6 16. Bxc5 Rf4 17. Qd3+ Kf7 18. Ne5+ Kg8 19. Nxd7 1-0

[Event "Madrid ch 2010-2011 - Semifinal B"]
[Site "Madrid ESP"]
[Date "2011.01.27"]
[Round "5.7"]
[White "Martin Rodriguez, Emilio"]
[Black "Nieto de la Cruz, Julio"]
[Result "0-1"]
[WhiteElo "2054"]
[BlackElo "2135"]
[PlyCount "72"]
[EventDate "2011.01.14"]
[EventType "swiss"]
[EventRounds "9"]
[EventCountry "ESP"]
[Source "lmi"]
[SourceDate "2011.01.14"]

1. d4 Nf6 2. c4 c5 3. d5 b5 4. Nd2 d6 5. e4 g6 6. Ngf3 Bg7 7. Bd3 Nh5 8. Nb3 a5
9. a4 bxa4 10. Rxa4 Bd7 11. Ra3 a4 12. Na1 Na6 13. O-O O-O 14. Bc2 Nb4 15. Bb1
Qb6 16. Re1 Qa6 17. Qe2 e6 18. dxe6 Bxe6 19. b3 Qb7 20. Nc2 Nc6 21. Qd3 Rfe8
22. Ne3 Nf4 23. Qxd6 Nh5 24. Nd5 Nd4 25. Nxd4 Bxd4 26. h3 Rad8 27. Qh2 Bxd5 28.
cxd5 axb3 29. g4 Qb4 30. Rd1 b2 31. Bg5 Qxa3 32. Bxd8 Be5 33. Qg2 Nf4 34. Qf1
Nxh3+ 35. Kg2 Nf4+ 36. Kg1 Qf3 0-1

[Event "Madrid ch 2010-2011 - Semifinal B"]
[Site "Madrid ESP"]
[Date "2011.01.27"]
[Round "5.8"]
[White "Vazquez Gonzalez, Jesus"]
[Black "Madurga Lopez, Ignacio"]
[Result "1/2-1/2"]
[WhiteElo "2071"]
[BlackElo "1987"]
[PlyCount "103"]
[EventDate "2011.01.14"]
[EventType "swiss"]
[EventRounds "9"]
[EventCountry "ESP"]
[Source "lmi"]
[SourceDate "2011.01.14"]

1. e4 c5 2. Nf3 d6 3. d4 cxd4 4. Nxd4 Nf6 5. Nc3 a6 6. Be2 e6 7. O-O b5 8. Bf3
Ra7 9. Be3 Rc7 10. Qe2 Nbd7 11. Ndxb5 axb5 12. Nxb5 Rb7 13. e5 Nxe5 14. Bxb7
Bxb7 15. Rfd1 Nd5 16. a4 Be7 17. f4 Ng4 18. Qxg4 Nxe3 19. Qxg7 Rg8 20. Rd2 Qb6
21. Qd4 Qxd4 22. Nxd4 Bf6 23. c3 Bxd4 24. cxd4 Kd7 25. g3 Rc8 26. Re1 Rc2 27.
Rxc2 Nxc2 28. Rd1 Ne3 29. Rd3 Nc4 30. Rc3 Ba6 31. b4 d5 32. Kf2 Nb2 33. b5 Nd1+
34. Kf3 Nxc3 35. bxa6 Kc7 36. f5 exf5 37. Kf4 Kb6 38. Kxf5 Kxa6 39. g4 Ka5 40.
h4 Kxa4 41. g5 Kb4 42. Kf6 Ne2 43. Kxf7 Ng3 44. Kg7 Nf5+ 45. Kxh7 Nxh4 46. Kh6
Kc4 47. Kh5 Ng2 48. Kg4 Kxd4 49. g6 Ne3+ 50. Kf4 Ng2+ 51. Kg3 Ne3 52. Kf4
1/2-1/2

[Event "Madrid ch 2010-2011 - Semifinal B"]
[Site "Madrid ESP"]
[Date "2011.01.27"]
[Round "5.9"]
[White "Fernandez Lledo, Javier"]
[Black "Garcia Herranz, Jesus"]
[Result "1-0"]
[WhiteElo "2138"]
[BlackElo "1958"]
[PlyCount "131"]
[EventDate "2011.01.14"]
[EventType "swiss"]
[EventRounds "9"]
[EventCountry "ESP"]
[Source "lmi"]
[SourceDate "2011.01.14"]

1. e4 e5 2. Nf3 Nc6 3. d4 exd4 4. Nxd4 Bc5 5. Be3 Qf6 6. c3 Nge7 7. g3 Bb6 8.
Bg2 O-O 9. O-O d6 10. Nb5 Ba5 11. Nd2 a6 12. Na3 b5 13. Qh5 Rb8 14. Nc2 Bb6 15.
f4 Bxe3+ 16. Nxe3 b4 17. Rac1 bxc3 18. bxc3 Rb2 19. Ndc4 Rxa2 20. g4 g6 21. Qh6
Qg7 22. Qh4 f6 23. g5 f5 24. exf5 Bxf5 25. Rfd1 a5 26. Qg3 Qf7 27. Nxd6 cxd6
28. Rxd6 Rxg2+ 29. Qxg2 Qe8 30. Re1 Qc8 31. Nd5 Rf7 32. Nf6+ Kg7 33. h4 a4 34.
h5 gxh5 35. Nxh5+ Kf8 36. Nf6 Na5 37. Qd2 Qc5+ 38. Kh2 Nc4 39. Rd8+ Kg7 40. Qe2
a3 41. Kg3 Bg6 42. Ne8+ Kh8 43. Nd6+ Kg7 44. Qxc4 Qxc4 45. Nxc4 a2 46. Ra1 Bb1
47. Na3 Nf5+ 48. Kf3 Rb7 49. Rd1 Rb3 50. Nxb1 axb1=Q 51. Rdxb1 Rxc3+ 52. Kg4
Ne3+ 53. Kh5 Rc7 54. Rb5 Rf7 55. Ra4 Nf5 56. Kg4 h5+ 57. Kxh5 Ne3 58. Kh4 Ng2+
59. Kg3 Ne3 60. Rab4 Nf5+ 61. Kh2 Nd6 62. Rb6 Nf5 63. Rb7 Ne7 64. Re4 Nf5 65.
Rxf7+ Kxf7 66. Kh3 1-0

[Event "Madrid ch 2010-2011 - Semifinal B"]
[Site "Madrid ESP"]
[Date "2011.01.27"]
[Round "5.10"]
[White "Alonso Aranzabal, Iñigo"]
[Black "Lorite Cruz, Francisco"]
[Result "1-0"]
[WhiteElo "2052"]
[BlackElo "2095"]
[PlyCount "115"]
[EventDate "2011.01.14"]
[EventType "swiss"]
[EventRounds "9"]
[EventCountry "ESP"]
[Source "lmi"]
[SourceDate "2011.01.14"]

1. e4 c5 2. c3 d5 3. exd5 Qxd5 4. d4 Nc6 5. Nf3 Bg4 6. dxc5 Qxd1+ 7. Kxd1
O-O-O+ 8. Nbd2 e5 9. b4 Nf6 10. Kc2 Bf5+ 11. Kb3 Ng4 12. Bc4 Be7 13. h3 Nxf2
14. Rf1 Nd3 15. Nxe5 Ncxe5 16. Rxf5 g6 17. Bxd3 Nxd3 18. Rxf7 Bg5 19. Ne4 Bxc1
20. Nd6+ Rxd6 21. cxd6 Bg5 22. Raf1 Ne5 23. Rf8+ Rxf8 24. Rxf8+ Kd7 25. Rh8
Kxd6 26. Rxh7 Kc6 27. Rg7 Bf6 28. Rg8 b5 29. a4 a6 30. a5 Bg5 31. Re8 Bf4 32.
Re6+ Kb7 33. Rb6+ Ka7 34. h4 Bg3 35. Re6 Kb7 36. Kc2 Ka7 37. Kd1 Nc4 38. Rxg6
Bxh4 39. Ke2 Kb7 40. Rg7+ Kb8 41. Rg8+ Kb7 42. g4 Bf6 43. Kd3 Nb2+ 44. Kc2 Na4
45. g5 Bxc3 46. Kb3 Bd4 47. Rd8 Be5 48. g6 Nc3 49. Rd7+ Kb8 50. g7 Bxg7 51.
Rxg7 Nd5 52. Rd7 Nc7 53. Kc3 Kb7 54. Kd4 Kc6 55. Rh7 Ne6+ 56. Ke5 Ng5 57. Rh6+
Kb7 58. Rf6 1-0

[Event "Madrid ch 2010-2011 - Semifinal B"]
[Site "Madrid ESP"]
[Date "2011.01.27"]
[Round "5.11"]
[White "Morona Minguez, Irene"]
[Black "Garcia Salamero, Hector"]
[Result "0-1"]
[WhiteElo "1911"]
[BlackElo "1841"]
[PlyCount "100"]
[EventDate "2011.01.14"]
[EventType "swiss"]
[EventRounds "9"]
[EventCountry "ESP"]
[Source "lmi"]
[SourceDate "2011.01.14"]

1. e4 e5 2. Nf3 Nc6 3. Bb5 Nf6 4. O-O Nxe4 5. d4 Nd6 6. Bxc6 dxc6 7. dxe5 Nf5
8. Qxd8+ Kxd8 9. b3 h6 10. Bb2 Be6 11. Nfd2 Be7 12. Ne4 Ke8 13. Nbd2 Rd8 14.
Rae1 g5 15. f4 g4 16. Nc4 Kf8 17. Na5 Rb8 18. a3 c5 19. Ng3 Rg8 20. Nxf5 Bxf5
21. Re2 Rg6 22. Nc4 Re8 23. Ne3 Bc8 24. f5 Rg8 25. e6 f6 26. Nd5 Kg7 27. Nxc7
Rd8 28. c4 Rd3 29. Nd5 Re8 30. Re3 Rxe3 31. Nxe3 h5 32. Nd5 b6 33. Re1 Bd8 34.
Nf4 Kh6 35. Rf1 Bb7 36. Ng6 Kg7 37. Re1 Bc8 38. Rd1 Bxe6 39. Nh4 Bc8 40. Rd6
Kf7 41. g3 Re1+ 42. Kf2 Re8 43. Bc3 a6 44. b4 cxb4 45. axb4 Kg7 46. Bd4 a5 47.
Bxb6 Be7 48. Rc6 axb4 49. Rc7 Kg8 50. Ng6 Bd8 0-1

[Event "Madrid ch 2010-2011 - Semifinal B"]
[Site "Madrid ESP"]
[Date "2011.01.28"]
[Round "6.1"]
[White "Elissalt Cardenas, Hector"]
[Black "Montañes Arribas, Adrian"]
[Result "1-0"]
[WhiteElo "2359"]
[BlackElo "2144"]
[PlyCount "105"]
[EventDate "2011.01.14"]
[EventType "swiss"]
[EventRounds "9"]
[EventCountry "ESP"]
[Source "lmi"]
[SourceDate "2011.01.14"]

1. c4 c6 2. Nf3 d5 3. b3 Nf6 4. g3 Bf5 5. Bg2 h6 6. Bb2 e6 7. O-O Nbd7 8. d3
Bh7 9. Nc3 Bd6 10. e4 dxe4 11. dxe4 Ne5 12. Nd4 Bc5 13. Na4 Qe7 14. Nxc5 Qxc5
15. Qe2 O-O-O 16. Rfd1 Ned7 17. Bc3 e5 18. b4 Qe7 19. Nb3 Rhe8 20. c5 Nf8 21.
b5 cxb5 22. f3 a6 23. Ba5 Rxd1+ 24. Rxd1 N6d7 25. Qd2 Ne6 26. Qd5 Nb8 27. Qxe5
Nc6 28. Qc3 Nxa5 29. Qxa5 Qc7 30. Qc3 f6 31. Bh3 Bg8 32. Rd6 Kb8 33. Bxe6 Bxe6
34. Qd4 Bxb3 35. axb3 Rc8 36. b4 a5 37. Rd5 axb4 38. Qxb4 Qc6 39. Kg2 g5 40.
Qd4 h5 41. e5 g4 42. exf6 gxf3+ 43. Kf2 Qe6 44. Kxf3 Rc6 45. Rd6 Qf5+ 46. Qf4
Rxc5 47. Qxf5 Rxf5+ 48. Ke4 Rf1 49. Ke5 Kc7 50. Rd4 Kc6 51. Ke6 Kc5 52. Rf4
Re1+ 53. Kd7 1-0

[Event "Madrid ch 2010-2011 - Semifinal B"]
[Site "Madrid ESP"]
[Date "2011.01.28"]
[Round "6.2"]
[White "Garcia Salamero, Gabriel"]
[Black "Gomez Gonzalez, Javier"]
[Result "1-0"]
[WhiteElo "2177"]
[BlackElo "2062"]
[PlyCount "53"]
[EventDate "2011.01.14"]
[EventType "swiss"]
[EventRounds "9"]
[EventCountry "ESP"]
[Source "lmi"]
[SourceDate "2011.01.14"]

1. e4 c5 2. Nf3 d6 3. d4 cxd4 4. Nxd4 Nf6 5. Nc3 a6 6. h3 e6 7. g4 b5 8. a3 Bb7
9. Bg2 Qc7 10. O-O Nc6 11. Nde2 b4 12. axb4 Nxb4 13. Nf4 Be7 14. g5 Nd7 15. Nh5
g6 16. Qd4 O-O-O 17. Qxb4 gxh5 18. Be3 Rhg8 19. Na4 Nc5 20. Ra3 Rxg5 21. Bxg5
Bxg5 22. Rd1 Nxa4 23. Qxa4 Qd7 24. Qd4 Kb8 25. Rdd3 Bf4 26. Rdb3 Qc6 27. Qf6
1-0

[Event "Madrid ch 2010-2011 - Semifinal B"]
[Site "Madrid ESP"]
[Date "2011.01.28"]
[Round "6.3"]
[White "Martin Duque, Jesus"]
[Black "Cerrato Torrijos, Maria"]
[Result "0-1"]
[WhiteElo "2109"]
[BlackElo "2100"]
[PlyCount "100"]
[EventDate "2011.01.14"]
[EventType "swiss"]
[EventRounds "9"]
[EventCountry "ESP"]
[Source "lmi"]
[SourceDate "2011.01.14"]

1. e4 c5 2. Nf3 d6 3. d4 cxd4 4. Nxd4 Nf6 5. Nc3 Nc6 6. Bg5 Qb6 7. Nb3 e6 8.
Bf4 Ne5 9. Be3 Qc7 10. f4 Nc4 11. Nb5 Qc6 12. Bxc4 Qxc4 13. Qd3 Qc6 14. Na5 Qd7
15. e5 Nd5 16. Nc4 dxe5 17. fxe5 Bb4+ 18. c3 O-O 19. Ncd6 Bxd6 20. Nxd6 b6 21.
c4 Ne7 22. Rd1 Bb7 23. O-O Qc6 24. Rd2 Ng6 25. Qd4 Rad8 26. b4 Rd7 27. b5 Qc7
28. Qc3 Ba8 29. Rfd1 Qd8 30. c5 bxc5 31. Qxc5 Bd5 32. Qc3 f6 33. Ne4 Nxe5 34.
Nc5 Rc7 35. Nxe6 Rxc3 36. Nxd8 Nc4 37. Bc5 Nxd2 38. Bxf8 Rd3 39. Bc5 Nf3+ 40.
gxf3 Rxd1+ 41. Kf2 Bc4 42. Nc6 Bxb5 43. Nxa7 Rd2+ 44. Kg3 Rxa2 45. Nc8 Bf1 46.
Bf2 Ra3 47. Ne7+ Kf7 48. Nd5 Be2 49. Be3 Rd3 50. Kf2 Rxd5 0-1

[Event "Madrid ch 2010-2011 - Semifinal B"]
[Site "Madrid ESP"]
[Date "2011.01.28"]
[Round "6.5"]
[White "Ramos Aldoradin, John Paul"]
[Black "Perez de Aranda Alonso, Leonardo"]
[Result "1/2-1/2"]
[WhiteElo "2125"]
[BlackElo "2161"]
[PlyCount "62"]
[EventDate "2011.01.14"]
[EventType "swiss"]
[EventRounds "9"]
[EventCountry "ESP"]
[Source "lmi"]
[SourceDate "2011.01.14"]

1. e4 c5 2. Nf3 d6 3. Bb5+ Nc6 4. O-O Bd7 5. Re1 a6 6. Bxc6 Bxc6 7. d4 cxd4 8.
Qxd4 Nf6 9. Bg5 e6 10. Nc3 Be7 11. Nd5 exd5 12. exd5 Bd7 13. Bxf6 gxf6 14. Qxf6
Rg8 15. Qxd6 Kf8 16. Qh6+ Rg7 17. Re4 Bf5 18. Re5 Qd7 19. Rae1 Bc5 20. d6 Bxd6
21. Rxf5 Qxf5 22. Qxd6+ Kg8 23. Qe5 Qxe5 24. Rxe5 f6 25. Re1 Rc7 26. c3 Kf7 27.
Nd4 Rc5 28. f4 Rd5 29. Kf2 b5 30. a3 a5 31. Ne2 Rad8 1/2-1/2

[Event "Madrid ch 2010-2011 - Semifinal B"]
[Site "Madrid ESP"]
[Date "2011.01.28"]
[Round "6.6"]
[White "Cabañas Jimenez, Andres"]
[Black "Madurga Lopez, Ignacio"]
[Result "1-0"]
[WhiteElo "2221"]
[BlackElo "1987"]
[PlyCount "79"]
[EventDate "2011.01.14"]
[EventType "swiss"]
[EventRounds "9"]
[EventCountry "ESP"]
[Source "lmi"]
[SourceDate "2011.01.14"]

1. e4 c5 2. Nf3 d6 3. d4 cxd4 4. Nxd4 Nf6 5. Nc3 a6 6. Bg5 e6 7. f4 Nc6 8. Qd2
h6 9. Bxf6 Qxf6 10. Nxc6 bxc6 11. O-O-O Qd8 12. g4 Rb8 13. h4 Qa5 14. Bc4 d5
15. exd5 cxd5 16. Bxd5 exd5 17. Qe3+ Be7 18. Nxd5 Rb7 19. Rhe1 Be6 20. Nxe7
Rxe7 21. f5 O-O 22. a3 Rfe8 23. fxe6 Rxe6 24. Qd2 Qxd2+ 25. Kxd2 Rd8+ 26. Kc1
Rxe1 27. Rxe1 Rd4 28. Rg1 h5 29. gxh5 Rxh4 30. Rg5 Kh7 31. b4 Kh6 32. Ra5 Rxh5
33. Rxh5+ Kxh5 34. a4 g5 35. Kd2 Kh4 36. b5 axb5 37. axb5 g4 38. b6 g3 39. b7
g2 40. b8=Q 1-0

[Event "Madrid ch 2010-2011 - Semifinal B"]
[Site "Madrid ESP"]
[Date "2011.01.28"]
[Round "6.8"]
[White "Cuadrado Lopez, Francisco"]
[Black "Alonso Aranzabal, Iñigo"]
[Result "0-1"]
[WhiteElo "1957"]
[BlackElo "2052"]
[PlyCount "94"]
[EventDate "2011.01.14"]
[EventType "swiss"]
[EventRounds "9"]
[EventCountry "ESP"]
[Source "lmi"]
[SourceDate "2011.01.14"]

1. d4 Nf6 2. Nf3 g6 3. c4 Bg7 4. Nc3 O-O 5. e4 d6 6. Be2 e5 7. dxe5 dxe5 8.
Qxd8 Rxd8 9. Bg5 c6 10. O-O h6 11. Bh4 Re8 12. Rad1 Nbd7 13. Nd2 Nc5 14. f3 Nh5
15. Nb3 Ne6 16. Rfe1 Nd4 17. Bf1 Nf4 18. Nxd4 exd4 19. Ne2 Nxe2+ 20. Rxe2 Be6
21. Red2 c5 22. Bf2 a5 23. b3 h5 24. Bd3 Bh6 25. Rb2 Ra6 26. Kf1 f5 27. Re1 Kf7
28. Rbe2 Raa8 29. a3 b6 30. Bg3 Be3 31. Bf2 f4 32. Rb2 Ra7 33. Reb1 Rea8 34.
Ke2 g5 35. g3 Kf6 36. h4 gxh4 37. gxf4 Bxf4 38. Bxh4+ Ke5 39. Rg1 Rg8 40. Rxg8
Bxg8 41. Kf1 Rg7 42. b4 axb4 43. axb4 Be6 44. Bf2 Ra7 45. bxc5 bxc5 46. Rb5
Ra1+ 47. Bb1 Bxc4+ 0-1